Rodiče a četba mládeže

Bibliographic Details
Main Author: Bulánek, Fr (Author)
Format: Book
Language:Undetermined
PhysicalDescription:22 s.
Published: Třebochovice NŠP 1937

MARC

LEADER 00000nam a2200000 a 4500
001 vtls001358587
003 SK-MaSNL
005 20260301070541.0
008 240314s1937 xx 0 und
035 |a SNK000312114 
040 |a SNK  |b slo  |c SNK  |e AACR2 
100 1 |a Bulánek, Fr.  |4 aut  |9 386933 
245 1 0 |a Rodiče a četba mládeže 
260 |a Třebochovice  |b NŠP  |c 1937 
300 |a 22 s. 
999 |c 634749  |d 636679 
952 |t P60, <04>, [BOOK], {604}  |a SNK  |b SNK  |y VYP  |7 0  |p 17A0187412  |o snkIC 89335  |0 0  |1 0  |4 0  |d 1999-03-24  |l 0  |r 2005-01-02 00:00:00  |w 2026-02-23